Anatomical Roots, Prefixes, and Suffixes - Statistics

General Stats
  • This quiz has been taken 59 times
    48 since last reset
  • The average score is 30 of 104
Answer Stats
Hint Answer % Correct
Gastr- Stomach
80%
Hydr- Water
76%
Hem-, Hemat- Blood
68%
Cerebro- Brain
68%
Lip-, Lipo- Fat
68%
Derma-, Dermato- Skin
68%
Necro- Corpse
64%
Oculo- Eye
64%
Bio- Life
64%
Oss-, Osseo-, Osteo Bone
60%
Mamm- Breast
60%
Crani- Skull
60%
Cephal- Head
56%
Hepar-, Hepato- Liver
56%
Glyco- Sugar
56%
Brachi- Arm
52%
Pneumo- Lung
52%
Pulmon- Lung
52%
Neuro- Nerve
52%
Rhin- Nose
52%
Leuco-, Leuko- White
52%
Carcin- Cancer
48%
Nephro- Kidney
48%
Opthalm- Eye
44%
Myo- Muscle
44%
Lingua- Tongue
44%
Hyster- Uterus
44%
Bucc- Cheek
40%
Ped- Children
40%
Cry-, Cryo- Cold
40%
Gyn-, Gyne-, Gynec- Female
40%
Pod- Foot
40%
Cyt-, Cyto-, Cyte- Cell
36%
Patho- Disease
36%
Arthr-, Arthro- Joint
36%
Labi- Lip
36%
Erythro- Red
36%
Gloss-, Glosso Tongue
36%
Ren- Kidneys
32%
Alg-, Algia Pain
32%
Cut- Skin
32%
Psycho- Soul
32%
Phag-, Phago- To Eat
32%
Mast- Breast
28%
Chondr-, Chondrio- Cartilage
28%
Dactyl-, Dactylo- Digits
28%
Ortho- Tooth
28%
Procto- Anus
24%
Chrom- Color
24%
Oto- Ear
24%
Oo- Egg
24%
Morpho- Form
24%
Entero- Intestine
24%
Hist-, Histio Tissue
24%
Phon- Voice
24%
Malign- Harmful
20%
Acou-, Acu- Hearing
20%
Cor-, Coron- Heart
20%
Onco- Mass
20%
Galacto- Milk
20%
Lith- Stone
20%
Philic-, Philo- To Like
20%
Chole- Bile
16%
Soma-. Somato- Body
16%
Blephar- Eyelid
16%
Palpebr- Eyelid
16%
Capit- Head
16%
Lumbo- Lower back
16%
Kines- Motion
16%
Gravid- Pregnant
16%
Cost- Rib
16%
Cysti-, Cysto- Sac
16%
Somni- Sleep
16%
Bronch- Trachea
16%
Dura- Hard
12%
Scler-, Sclero- Hard
12%
Ileo- Ileum
12%
Laparo- Loin
12%
Oophor- Ovary
12%
Stasis-, Stat- Stand Still
12%
Orchido- Testicle
12%
Sep-, Septic Toxic Condition Due to Microorganisms
12%
Colpo- Vagina
12%
Phleb- Vein
12%
Angi- Vessel
12%
Phren- Diaphragm
8%
Peps- Digest
8%
Aden-, Adeno Gland
8%
Ilio- Ilium
8%
Cheil- Lip
8%
Myelo- Marrow
8%
Pyo- Pus
8%
Salpingo- Uterine Tube
8%
Acr-, Acro- Extremity
4%
Cili- Eyelash
4%
Or- Mouth
4%
Macul- Spot
4%
Part- Birth
0%
Blast- Germ
0%
Pilo- Hair
0%
Meningo- Membrane
0%
Osmo- Odor
0%
Pyle-, Pyloro- Opening
0%
Metro- Uterus
0%
No matching quizzes found
Score Distribution
Percent of People with Each Score
Percentile by Number Answered
Your Score History
You have not taken this quiz since the last reset